Loading...
Arts - Music | 3 | 23.33 | 100% | 100% | 33% |
Arts - Other Arts | 2 | 10.00 | 100% | 0% | 0% |
Arts - Painting | 2 | 25.00 | 100% | 100% | 50% |
History - American History | 2 | 15.00 | 100% | 50% | 0% |
History - Other History | 2 | 10.00 | 100% | 0% | 0% |
History - World History | 3 | 6.67 | 67% | 0% | 0% |
Literature - American Lit | 1 | 20.00 | 100% | 100% | 0% |
Literature - British Lit | 3 | 16.67 | 100% | 67% | 0% |
Literature - European Lit | 1 | 10.00 | 100% | 0% | 0% |
Literature - World Lit | 2 | 20.00 | 100% | 100% | 0% |
Mythology | 2 | 10.00 | 100% | 0% | 0% |
Other - Geo/CE | 2 | 15.00 | 100% | 50% | 0% |
Other Academic | 2 | 20.00 | 100% | 50% | 50% |
Pop Culture | 1 | 10.00 | 100% | 0% | 0% |
Religion | 1 | 10.00 | 100% | 0% | 0% |
Science - Other Science | 1 | 10.00 | 100% | 0% | 0% |
Science - Physics | 2 | 10.00 | 100% | 0% | 0% |
Thought - Philosophy | 1 | 20.00 | 100% | 100% | 0% |
Thought - Social Science | 2 | 15.00 | 100% | 50% | 0% |
Arts - Other Arts | 1 | 20.00 | 100% | 100% | 0% |
Arts - Painting | 1 | 20.00 | 100% | 100% | 0% |
History - Other History | 1 | 0.00 | 0% | 0% | 0% |
Literature - European Lit | 1 | 10.00 | 100% | 0% | 0% |
Mythology | 1 | 10.00 | 0% | 100% | 0% |
Other - Geo/CE | 1 | 20.00 | 100% | 100% | 0% |
Science - Biology | 1 | 0.00 | 0% | 0% | 0% |